000 00620cam a22002053a 4500
001 39591
003 PGUSA
005 20140828083859.0
008 120502s2012||||xxu|||||s|||||000 | eng d
040 _aPGUSA
_beng
042 _adc
100 1 _aJohnston, Annie F.
_q(Annie Fellows),
_d1863-1931
245 1 0 _aKeeping Tryst :
_bA Tale of King Arthur's Time
_h[electronic resource] /
_cAnnie F. Johnston
260 _bProject Gutenberg,
_c2012
506 _aPublic domain in the USA.
516 _aElectronic text
830 0 _aProject Gutenberg
_v39591
856 4 0 _uhttp://www.gutenberg.org/ebooks/39591
942 _cEB
999 _c268844
_d268844